000 00411cam a22001337a 4500
008 180718b1972 xxu||||| |||| 00| 0 eng d
082 _aT10 N198
100 _aNapoleoni, Claudio
245 _aEconomic thought of the twentieth century
_cby Claudio Napoleoni, tr. and edited by Allssandro Cigno
260 _aDelhi
_bVikas
_c1972
300 _a170p.
650 _aEconomic - History
700 _aCigno, Allssandro
999 _c349694
_d349694